000 00495nam a2200193Ia 4500
003 GCL
008 140319s9999 xx 000 0 eng d
040 _aGCL /
_cGCL
082 0 4 _a616.852
_bC A
100 1 _aCRAIG, KENNETH
245 1 0 _aANXIETY AND DEPRESSION IN A DULTS AND CHILDREN /
_cCRAIG, KENNETH
700 1 _aDEPRESSION
260 _a[S.N] :
_bSAGE PUBLICATIONS ،
_c1995
300 _a274 P
650 0 4 _aANXIETY
650 0 4 _aDEPRESSION
650 0 4 _aMENTAL
942 _2ddc
_cBK
999 _c25168
_d25168